000 00406nam a22001217a 4500
082 _a388.11DHI
_bDhingra, S.L
_cD
100 _aDr. S.L Dhingra
_938562
245 _aEconomic Fesibility of Higher Axle Load Limits for Indian Roads
260 _aDelhi
_bTransportation Engineering Section
_cc1986.
300 _a103 P. :
_bill. ;
_c20 cm.
526 _a0
_b0
_c0
_d388_000000000000000_11DHI_DHIN
942 _2ddc
_cBK
999 _c543185
_d543185